Historia de las mujeres en España y América Latina : del siglo XIX a los umbrales del XX /

Obra en cuatro volúmenes disponibles en biblioteca que reúne la contribución de diversas autoras, con un mínimo de autores, donde dan cuenta de la vida cotidiana y los diferentes roles desempeñados por las mujeres en las sociedades latinoamericanas y españolas a través de la historia, y cuyo título...

Fuld beskrivelse

Guardado en:
Bibliografiske detaljer
Andre forfattere: Morant Deusa, Isabel (dir.) Conductor, Gómez-Ferrer Morant, Guadalupe (coordinación) (coordinación)
Format: Bog
Sprog:spansk
Udgivet: Madrid, España : Cátedra, 2006, c2006
Serier:(Historia. Serie Menor)
Fag:
Tags: Tilføj Tag
Ingen Tags, Vær først til at tagge denne postø!

MARC

LEADER 00000nam^a2200000^a^4500
001 000192442
005 20250521000000.0
009 20260310102607.435
020 |a 84-376-2288-3 
020 |a 84-376-2262-X 
037 |a Acervo ITESO - Biblioteca 
041 |a ESP 
082 |a 305. 420980  |b MOR V. 3 
100 |a Morant Deusa, Isabel  |e (dir.) 
240 1 1 |a [Historia de las mujeres en España y América Latina] 
245 1 0 |a Historia de las mujeres en España y América Latina :  |b del siglo XIX a los umbrales del XX /  |c Dir. de I. Morant Deusa ; coord. de G. Gómez-Ferrer Morant... [et al.] 
264 4 |a Madrid, España :  |b Cátedra,  |c 2006, c2006 
300 |a 975 p. 
336 |a texto  |b txt  |2 rdacontenido 
337 |a sin mediación  |b n  |2 rdamedio 
338 |a volumen  |b nc  |2 rdasoporte 
440 1 |a (Historia.  |p Serie Menor) 
520 |a Obra en cuatro volúmenes disponibles en biblioteca que reúne la contribución de diversas autoras, con un mínimo de autores, donde dan cuenta de la vida cotidiana y los diferentes roles desempeñados por las mujeres en las sociedades latinoamericanas y españolas a través de la historia, y cuyo título general Historia de las mujeres en España y América Latina se divide en los siguientes subtítulos: V. 1 De la prehistoria a la edad media; V. 2 El mundo moderno; V. 3 Del siglo XIX a los umbrales del XX; V. 4 Del siglo XX a los umbrales del XXI. 
649 |a XX 
650 |a Mujeres -  |z Latinoamérica -  |x Condiciones Sociales y Culturales 
650 |a Mujeres -  |z España -  |x Condiciones Sociales y Culturales 
650 |a Mujeres -  |z Latinoamérica -  |x Historia -  |x Tema Principal 
650 |a Mujeres -  |z España -  |x Historia -  |x Tema Principal 
650 |a Roles de Género -  |z Latinoamérica -  |x Historia 
650 |a Roles de Género -  |z España -  |x Historia 
650 |a Identidad de Género -  |z Latinoamérica -  |x Historia 
650 |a Identidad de Género -  |z España -  |x Historia 
650 |a Sexualidad -  |z Latinoamérica -  |x Historia 
650 |a Sexualidad -  |z España -  |x Historia 
650 |a Feminismo -  |z Latinoamérica -  |x Historia 
650 |a Feminismo -  |z España -  |x Historia 
650 |a Género -  |z Latinoamérica -  |x Historia 
650 |a Género -  |z España -  |x Historia 
650 |a Trabajo -  |z Latinoamérica -  |x Historia 
650 |a Trabajo -  |z España -  |x Historia 
650 |a Profesiones -  |z Latinoamérica -  |x Historia 
650 |a Profesiones -  |z España -  |x Historia 
650 |a Educación -  |z Latinoamérica -  |x Historia 
650 |a Educación -  |z España -  |x Historia 
650 |a Historia Social 
650 |a Antropología Cultural 
650 |a Sociología de la Cultura 
650 |a Latinoamérica -  |x Historia -  |y Siglo XIX 
650 |a Latinoamérica -  |x Historia -  |y Siglo XX 
650 |a España -  |x Historia -  |y Siglo XIX 
650 |a España -  |x Historia -  |y Siglo XX 
700 |a Gómez-Ferrer Morant, Guadalupe  |e (coordinación) 
910 |a Fondo General 
920 |a Impresos - Libros 
930 |a Colección General 
905 |a 101 
901 |a 0500136103  |b IT1  |c ACC  |u 20250521 
902 |a https://opac.biblio.iteso.mx/vufind/Record/000192442